Análisis estadístico de los costes (Registro nro. 3137)

Detalles MARC
000 -LEADER
fixed length control field 01109 a2200241 4500
001 - CONTROL NUMBER
control field 39904
005 - DATE AND TIME OF LATEST TRANSACTION
control field 20260407155655.0
008 - FIXED-LENGTH DATA ELEMENTS--GENERAL INFORMATION
fixed length control field 260407a1966 arg spa d
003 - CONTROL NUMBER IDENTIFIER
control field AR-UNSa-BCEJYS
040 ## - CATALOGING SOURCE
Original cataloging agency AR-UNSa-BCEJYS
Language of cataloging spa
Transcribing agency AR-UNSa-BCEJYS
080 ## - UNIVERSAL DECIMAL CLASSIFICATION NUMBER
Universal Decimal Classification number 657.471.1
Common auxiliary subdivision Clases de costos. Costos de producción<br/>
041 ## - LANGUAGE CODE
Language code of text/sound track or separate title spa
100 1# - MAIN ENTRY--PERSONAL NAME
Personal name Johnston, Jack
245 10 - TITLE STATEMENT
Title Análisis estadístico de los costes
Name of part/section of a work funciones estadísticas de los costes, problemas de análisis estadístico, verificación del resultado del análisis
264 #1 - PRODUCTION, PUBLICATION, DISTRIBUTION, MANUFACTURE, AND COPYRIGHT NOTICE
Place of production, publication, distribution, manufacture New York :
Name of producer, publisher, distributor, manufacturer McGraw-Hill
Date of production, publication, distribution, manufacture, or copyright notice 1966
300 ## - PHYSICAL DESCRIPTION
Extent 266 p.
Dimensions 22 cm.
505 ## - FORMATTED CONTENTS NOTE
Formatted contents note 1. Introducción - 2. Hipotesis teóricas acerca de las relaciones entre costes y producción - 3. Problemas de estimación estadística y de procedimiento - 4.Resultados empíricos - 5. Resumen de los estudios empíricos realizados - 6. Análisis de las principales objeciones formuladas. Indice
590 ## - LOCAL NOTE (RLIN)
Local note niveau_biblio:m niveau_hierar:0
700 1# - ADDED ENTRY--PERSONAL NAME
Personal name Pedrós Abelló, Alejandro
700 1# - ADDED ENTRY--PERSONAL NAME
Personal name Torre y de Miguel, Manuel de la
700 1# - ADDED ENTRY--PERSONAL NAME
Personal name Compays Pascual, R.
942 ## - ADDED ENTRY ELEMENTS (KOHA)
Koha item type
Existencias
Withdrawn status Lost status Damaged status Not for loan Home library Current library Shelving location Date acquired Total checkouts Full call number Barcode Date last seen Price effective from Koha item type
        Biblioteca Prof. Eusebio Cleto del Rey Biblioteca Prof. Eusebio Cleto del Rey   07/04/2026   657.471.1 J65 L22020 07/04/2026 07/04/2026 Libro